| 000 | 01153cab a2200337 4500 | ||
|---|---|---|---|
| 001 | ABS52622 | ||
| 008 | 090401t1995 xxu||||| |||| 00| 0 eng d | ||
| 035 | _a(Sirsi) u86940 | ||
| 041 | _aeng | ||
| 100 | _aCamps, A. | ||
| 245 | _aPetrol filling station prices | ||
| 260 | _c1995 | ||
| 350 | _a0 | ||
| 490 |
_aEstates Gazette _v(9509) 4 March 1995, 314-315(2) |
||
| 520 | _aTraces recent changes in the petrol retailing market with hypermarket petrol sites increasingly taking business from other petrol filling stations. Considers valuation implications and provides an idea of the value of car-display spaces. Also adds a reminder about contamination. | ||
| 650 | _aCAR DISPLAY SPACES | ||
| 650 | _aHYPERMARKETS | ||
| 650 | _aOUT-OF-TOWN SHOPPING CENTRES | ||
| 650 | _aPETROL FILLING STATIONS | ||
| 650 | _aPETROL FORECOURTS | ||
| 650 | _aPETROL RETAILING | ||
| 650 | _aPETROL SITES | ||
| 650 | _aRETAIL PROPERTY | ||
| 650 | _aSHOWROOMS | ||
| 650 | _aVALUATION ISSUES | ||
| 650 | _aVALUE | ||
| 690 | _aPROPERTY-COMMERCIAL PROPERTY-RETAIL PROPERTY | ||
| 690 | _aRATING AND VALUATION | ||
| 942 | _n0 | ||
| 948 | _c04/03/1997 | ||
| 999 |
_c54750 _d54750 |
||